| 000 | 00409nam a2200121Ia 4500 | ||
|---|---|---|---|
| 008 | 220620s9999||||xx |||||||||||||| ||und|| | ||
| 100 | _aLogan, Amanda L. | ||
| 245 | 4 |
_aThe Scarcity Slot _bExcavating Histories of Food Security in Ghana |
|
| 546 | _aEnglish[eng] | ||
| 650 | _aAnthropology||Food Studies | ||
| 856 | _uhttps://library.oapen.org/bitstream/20.500.12657/45698/1/the-scarcity-slot.pdf | ||
| 942 | _cEB | ||
| 999 |
_c21907 _d21907 |
||